Central Library OPAC University of Rajshahi

Seasonal influence on growth, function & inheritance / (Record no. 48575)

MARC details
000 -LEADER
fixed length control field 00910nam a2200289 a 4500
001 - CONTROL NUMBER
control field 48575
003 - CONTROL NUMBER IDENTIFIER
rucl marc code BD-RjUL
005 - DATE AND TIME OF LATEST TRANSACTION
control field 20211209054540.0
008 - FIXED-LENGTH DATA ELEMENTS--GENERAL INFORMATION
fixed length control field 160814s1941 nz a b 000 0 eng
035 ## - SYSTEM CONTROL NUMBER
System control number (OCoLC)ocm08223314
System control number (BD-RjUL)48694
System control number (NNC)1538506
040 ## - CATALOGING SOURCE
Original cataloging agency DLC
Transcribing agency CUS
Language of cataloging eng
Modifying agency BD-RjUL
041 ## - LANGUAGE CODE
Language code of text/sound track or separate title eng
082 ## - DEWEY DECIMAL CLASSIFICATION NUMBER
Classification number 612.65
Author mark and year FIS 1941
100 1# - MAIN ENTRY--PERSONAL NAME
Personal name Fitt, A. B.
Fuller form of name (Arthur Benjamin),
Dates associated with a name 1887-1964.
9 (RLIN) 146763
245 10 - TITLE STATEMENT
Title Seasonal influence on growth, function & inheritance /
Statement of responsibility, etc. by A.B. Fitt.
260 ## - PUBLICATION, DISTRIBUTION, ETC. (IMPRINT)
Place of publication, distribution, etc. Wellington:
Name of publisher, distributor, etc. New Zealand Council for Educational Research,
Date of publication, distribution, etc. 1941.
300 ## - PHYSICAL DESCRIPTION
Pagination xi, [1] p., 1 l., 182 p.
Illustrations diagrs.
Size 22 cm.
500 ## - GENERAL NOTE
General note Half-title: Educational research series no. 17.
504 ## - BIBLIOGRAPHY, ETC. NOTE
Bibliography, etc Bibliography: p. 169-176.
650 #0 - SUBJECT ADDED ENTRY--TOPICAL TERM
Topical term or geographic name as entry element Cycles.
9 (RLIN) 146764
Topical term or geographic name as entry element Growth.
9 (RLIN) 146765
Topical term or geographic name as entry element Heredity.
9 (RLIN) 146766
942 ## - ADDED ENTRY ELEMENTS (KOHA)
Source of classification or shelving scheme Dewey Decimal Classification
Koha item type Books
Holdings
Lost status Source of classification or shelving scheme Damaged status Not for loan Collection code Permanent Location Current Location Shelving location Date acquired Source of acquisition Cost, normal purchase price Total Checkouts Full call number Date last seen Copy number Koha item type
  Dewey Decimal Classification     Non-fiction Central Library, University of Rajshahi Central Library, University of Rajshahi   20/11/1957 Oxford University Press 8.86   612.65 FIS 1941 14/08/2016 C-2 Books